LEADER 02128nam 22006613 450 001 9910145918603321 005 20160621163200.0 035 $a(CKB)1000000000279265 035 $a(ItFiC)it 99462001 035 $a(SSID)ssj0000576873 035 $a(PQKBManifestationID)12185635 035 $a(PQKBTitleCode)TC0000576873 035 $a(PQKBWorkID)10559357 035 $a(PQKB)11708679 035 $a(EXLCZ)991000000000279265 100 $a20060828d1999 uy 0 101 0 $aeng 181 $ctxt 182 $cc 183 $acr 200 00$aManaging medical research in Europe $b[electronic resource] $ethe role of the Rockefeller Foundation : 1920s- 1950s /$feditors: Giuliana Gemelli, Jean-Franc?ois Picard, William H. Schneider 210 $aBologna $cCLUEB$d1999 215 $a197 p 225 0$aHeuresis.$p[Sez.] 9.: Sezione di scienze storiche ;$v5 300 $aCollected writings, some of which already publ. 311 $a88-491-1298-X 320 $aIncludes bibliographical references. 517 $aManaging medical research in Europe 606 $aFinancial Support 606 $aHistory 606 $aHistory, Modern 1601- 606 $aHumanities 606 $aEconomics 606 $aHealth Care Economics and Organizations 606 $aDelivery of Health Care 606 $aHistory of Medicine 606 $aHistory, 20th Century 606 $aResearch Support as Topic 615 2$aFinancial Support. 615 2$aHistory. 615 2$aHistory, Modern 1601- 615 2$aHumanities. 615 2$aEconomics. 615 2$aHealth Care Economics and Organizations. 615 2$aDelivery of Health Care. 615 2$aHistory of Medicine. 615 2$aHistory, 20th Century. 615 2$aResearch Support as Topic. 676 $a610 701 $aGemelli$b Giuliana$0129647 701 $aPicard$b Jean-Franc?ois$01025840 701 $aSchneider$b William H$0610423 801 0$bItFiC 801 1$bItFiC 906 $aBOOK 912 $a9910145918603321 996 $aManaging medical research in Europe$92439748 997 $aUNINA LEADER 01329oam 2200433zu 450 001 9910138767703321 005 20241212215802.0 010 $a9781509069644 010 $a150906964X 035 $a(CKB)2400000000002736 035 $a(SSID)ssj0000453162 035 $a(PQKBManifestationID)12139236 035 $a(PQKBTitleCode)TC0000453162 035 $a(PQKBWorkID)10480815 035 $a(PQKB)10256013 035 $a(NjHacI)992400000000002736 035 $a(EXLCZ)992400000000002736 100 $a20160829d2009 uy 101 0 $aeng 135 $aur||||||||||| 181 $ctxt 182 $cc 183 $acr 200 10$a2009 IEEE Conference on the History of Technical Societies 210 31$a[Place of publication not identified]$cI E E E$d2009 215 $a1 online resource (399 pages) $cillustrations 300 $aBibliographic Level Mode of Issuance: Monograph 311 08$a9781424451197 311 08$a1424451191 320 $aIncludes bibliographical references and index. 606 $aTechnology$xSocieties, etc$vCongresses 615 0$aTechnology$xSocieties, etc. 676 $a506 702 $aIEEE Staff 801 0$bPQKB 906 $aPROCEEDING 912 $a9910138767703321 996 $a2009 IEEE Conference on the History of Technical Societies$92509930 997 $aUNINA